Física general

Na minha lista:
Detalhes bibliográficos
Main Authors: Burbano de Ercilla, Santiago (Author), Burbano García, Enrique (Author), Gracia Muñoz, Carlos (Author)
Formato: Livro
Idioma:espanhol
Publicado em: Madrid Tébar S. A 2007
Edição:32a. ed
Assuntos:
Tags: Adicionar Tag
Sem tags, seja o primeiro a adicionar uma tag!

MARC

LEADER 00000cam a2200000 a 4500
001 UCC7259
003 CL-VaPUC
008 190322e20070000sp |||||||||||||||||spa|d
020 |a 9788495447821 
082 0 4 |a 530  |b BUR  |2 21 
100 0 |a Burbano de Ercilla, Santiago  |e author  |9 601800 
700 0 |a Burbano García, Enrique  |e author  |9 601801 
700 0 |a Gracia Muñoz, Carlos  |e author  |9 601802 
245 1 0 |a Física general 
250 |a 32a. ed 
300 |a 794 p 
942 |c BK 
945 |d 20190322 14:57:00  |a dcastane 
260 |a Madrid  |b Tébar S. A  |c 2007 
650 0 |a Física   |9 227844 
650 0 |a Cinemática  |9 260942 
650 0 |a Dinámica  |9 260136 
650 0 |a Termodinámica   |9 259320 
583 |a last modification  |c 20190322 14:57:00  |k Rodrigo Vera 
999 |c 373944  |d 373942 
952 |0 0  |1 0  |3 erb  |4 0  |6 530_000000000000000_BUR_2007  |7 0  |8 A  |9 492276  |a BIBCUR  |b BIBCUR  |i 5536782  |o 530 BUR 2007  |p 5536782  |r 2025-04-22  |w 2019-11-24  |y BK  |z Catalogado en:20190322  |k FIS 
952 |0 0  |1 0  |3 erb  |4 0  |6 530_000000000000000_BUR_2007  |7 0  |8 A  |9 492277  |a BIBCUR  |b BIBCUR  |i 5536790  |o 530 BUR 2007  |p 5536790  |r 2025-04-22  |w 2019-11-24  |y BK  |z Catalogado en:20190322  |k FIS 
952 |0 0  |1 0  |3 erb  |4 0  |6 530_000000000000000_BUR_2007  |7 0  |8 A  |9 492278  |a BIBCUR  |b BIBCUR  |i 5536804  |l 1  |o 530 BUR 2007  |p 5536804  |r 2025-04-22  |s 2023-04-11  |w 2019-11-24  |y BK  |z Catalogado en:20190322  |k FIS 
952 |0 0  |1 0  |3 erb  |4 0  |6 530_000000000000000_BUR_2007  |7 0  |8 A  |9 492279  |a BIBCUR  |b BIBCUR  |i 5536812  |o 530 BUR 2007  |p 5536812  |r 2025-04-22  |w 2019-11-24  |y BK  |z Catalogado en:20190322  |k FIS 
952 |0 0  |1 0  |3 erb  |4 0  |6 530_000000000000000_BUR_2007  |7 0  |8 A  |9 492280  |a BIBCUR  |b BIBCUR  |i 5536820  |l 3  |o 530 BUR 2007  |p 5536820  |r 2025-04-22  |s 2023-11-15  |w 2019-11-24  |y BK  |z Catalogado en:20190322  |k FIS